Lyrics - Brady Bunch theme song - Statistics

General Stats
  • This quiz has been taken 467 times
  • The average score is 95 of 113
Answer Stats
Answer % Correct
the
99%
a
98%
Brady
98%
lady
96%
lovely
95%
of
95%
story
95%
three
95%
who
95%
girls
94%
man
93%
all
92%
was
92%
boys
91%
Here's
91%
bunch
90%
named
90%
one
90%
own
89%
in
86%
they
86%
we
86%
curls
85%
hair
85%
his
85%
youngest
85%
gold
84%
had
84%
became
82%
that
82%
this
82%
mother
81%
them
81%
very
81%
day
80%
like
80%
met
80%
their
80%
and
79%
bringing
78%
up
78%
fellow
75%
it
75%
that's
75%
That's
75%
way
74%
when
74%
family
73%
living
73%
were
73%
with
72%
alone
71%
together
70%
hunch
68%
knew
68%
more
67%
men
66%
than
66%
how
64%
much
64%
some
64%
four
63%
form
62%
group
59%
busy
52%
'til
51%
yet
50%
must
41%
It's
35%
No matching quizzes found
Score Distribution
Percent of People with Each Score
Percentile by Number Answered
Your Score History
You have not taken this quiz